Statistics for Helena Bonham Carter Filmography

Click here to take the quiz!

General Stats

  • This quiz has been taken 48 times
    (12 since last reset)
  • The average score is 17 of 136

Answer Stats

TypeYearName% Correct
Film2007Sweeney Todd: The Demon Barber of Fleet Street
90%
Film2005Charlie and the Chocolate Factory
80%
Film2005Corpse Bride
70%
Film2009Harry Potter and the Half-Blood Prince
60%
Film2010The King's Speech
60%
Film2007Harry Potter and the Order of the Phoenix
60%
Film2012Les Misérables
60%
Film2012Dark Shadows
60%
Film2016Alice Through the Looking Glass
60%
Film2010Harry Potter and the Deathly Hallows - Part 1
60%
Film2010Alice in Wonderland
60%
Film2015Cinderella
50%
Film2020Enola Holmes
50%
Web Series2019-2020The Crown
50%
Film1999Fight Club
40%
Film1985A Room with a View
40%
Film2018Ocean's 8
40%
Film | Video Game2005Wallace & Gromit: The Curse of the Were-Rabbit
40%
Film1986Lady Jane
40%
Film2003Big Fish
30%
Film2013The Lone Ranger
30%
Film1992Howards End
30%
Film2012Great Expectations
30%
Film2001Planet of the Apes
30%
Film2011Harry Potter and the Deathly Hallows - Part 2
30%
Film1994Mary Shelley's Frankenstein
30%
Film2009Terminator Salvation
20%
Film2006Sixty Six
20%
TV Show1994Absolutely Fabulous
20%
Film1990Hamlet
20%
TV Film2010Toast
20%
TV Film2013Burton & Taylor
20%
TV Show2011Life's Too Short
10%
Film2005Conversations with Other Women
10%
TV Mini-Series1998Merlin
10%
TV Short2009The Gruffalo
10%
Film1999Women Talking Dirty
10%
Film1998Sweet Revenge
10%
TV Film2009Enid
10%
Film1997The Wings of the Dove
10%
Film2002The Heart of Me
10%
Film2004Lemony Snicket's A Series of Unfortunate Events
10%
Film1996Portraits Chinois
10%
Film1996Twelfth Night
10%
Film2002Till Human Voices Wake Us
10%
TV Film2014Salting the Battlefield
10%
Film1989Getting It Right
10%
TV Film2014Turks & Caicos
10%
Film1995Mighty Aphrodite
10%
TV Show2021The Cleaner
10%
TV Show1987Miami Vice
10%
Film2015Suffragette
10%
Film201755 Steps
10%
Web Series2019The Dark Crystal: Age of Resistance
10%
TV Film1993Fatal Deception: Mrs. Lee Harvey Oswald
10%
Film2020Dragonheart: Vengeance
10%
Film2019E. M. Forster: His Longest Journey
0%
Documentary2019Tintoretto: A Rebel in Venice
0%
Short Film2020Clown
0%
Short Film2020Cinema Quarantino: Das Fone Hell
0%
Short Film2020A Poem for Every Autumn
0%
Film2021Doctor Strange in the Multiverse of Madness
0%
FilmTBAThe Land of Sometimes
0%
FilmTBANot Bloody Likely
0%
TV Documentary2019My Grandparents' War
0%
Documentary2014Night Will Fall
0%
Video Game2018Black Ops 4: Dead of the Night
0%
Video Game2018Call of Duty: Black Ops 4
0%
Film2018Sgt. Stubby: An American Hero
0%
Theater2010Private Lives
0%
Short Film2017Poles Apart
0%
TV Short2011The Gruffalo's Child
0%
TV Show2016Love, Nina
0%
Short Documentary2015Wild Africa
0%
Music Video2015Brand New Day
0%
TV Pilot2015Codes of Conduct
0%
Short Film2012A Therapy
0%
TV Film2014Superheroes Unite for BBC Children in Need
0%
Music Video2012Out of the Game
0%
Short Film2014Harry Potter and the Escape from Gringotts
0%
Film2013The Young and Prodigious T.S. Spivet
0%
TV Documentary2017Saying Goodbye
0%
TV Film1983A Pattern of Roses
0%
TV Film2005Magnificent 7
0%
Radio Play1989The Happiest of All Princesses
0%
Radio Play1993The Secret Garden
0%
TV Film1993Dancing Queen
0%
Theater1992-1993Trelawny of the "Wells"
0%
TV Short1992White Bear's Secret
0%
Theater1992The Barber of Seville
0%
Theater1991The House of Bernarda Alba
0%
TV Show1991Jackanory
0%
TV Short1991Brown Bear's Wedding
0%
Film1991Where Angels Fear to Tread
0%
TV Film1990Beatrix: The Early Life of Beatrix Potter
0%
Theater1989The Chalk Garden
0%
TV Short1994Butter
0%
TV Show1989Theatre Night
0%
Film1989Francesco
0%
Theater1988The Woman in White
0%
Short Film1988Six Minutes with Ludwig
0%
Film1988The Mask
0%
TV Show1987Screen Two
0%
Theater1987The Tempest
0%
TV Film1987A Hazard of Hearts
0%
Film1987Maurice
0%
Radio Play1985The Reluctant Debutante
0%
Radio Play1993The Whales' Song
0%
TV Mini-Series1994The Barbara Vine Mysteries
0%
Radio Play2004The Rubenstein Kiss
0%
Radio Play1997A House by the Sea
0%
TV Film2003Henry VIII
0%
TV Film2002Live from Baghdad
0%
Short Film2001Football
0%
Film2001Novocaine
0%
Radio Play2000As You Like It
0%
TV Special1999The Nearly Complete and Utter History of Everything
0%
Film1999Carnivale
0%
Radio Play1998Lantern Slides
0%
Film1998The Theory of Flight
0%
Radio Play1997The Diary of Anne Frank
0%
Film1997The Petticoat Expeditions
0%
Documentary Series1994The Good Sex Guide
0%
Film1997Keep the Aspidistra Flying
0%
Radio Play1996I Capture the Castle
0%
Documentary Mini-Series1996The Great War and the Shaping of the 20th Century
0%
Radio Play1995Remember Me
0%
Radio Play1995Song of Love
0%
Film1995Jeremy Hardy Gives Good Sex
0%
Film1995Margaret's Museum
0%
TV Mini-Series1994A Dark Adapted Eye
0%
Radio Play1994The Way to Sattin Shore
0%
Radio Play1994A Dog So Small
0%
Radio Play1994The Seagull
0%
Web SeriesTBACall My Agent
0%

Score Distribution

Percentile by Number Answered

Percent of People with Each Score

Your Score History

You have not taken this quiz since the last reset